00574 2200217 4500001002100000005001700021008004100038020002200079035002400101090002000125100002000145245005200165250001100217260003100228300002400259650001500283850001600298980001400314985000600328999002200334YOGYA-0209000004660420090227031232.0 ind  a978-979-21-1625-0 0010-020900000046604 a238bPra MlDEP aPRASETYA, L, Pr aMenjadi katekis, siapa takut?!cL. Prasetya, Pr aCet. 1 aYogyakartabKanisiusc2007 a60 hlmbilusc20 cm aKatekismus aYOPDYOG (M) a3-12-2007 a1 aCB-D.11 2007-319h